01289nam a2200289 a 450000100060000000300080000600500170001400800410003102000150007203500190008703500210010604000320012704100080015908200260016724502600019324600780045326000390053130000210057050000540059165000490064565000440069465000480073871000410078694200120082799900170083995201430085624373BD-RjUL20211209001037.0140313s1994 nyu i000 0 eng d a9211422094 a(BD-RjUL)24439 a(OCoLC)31441324  aDBIcDBIdDLCdBD-RjULbeng aeng00a327.174220bDIS 199400aDisarmament :bassuring the success of the Non-Proliferation Treaty extension conference : excerpts from the panel discussions organized by the NGO Committee on Disarmament, Inc., at the Conference held at the United Nations in New York, 20-21 April 1994.30aAssuring the success of the Non-Proliferation Treaty extension conference aNew York :bUnited Nations,c1994. a121 p. ;c28 cm. a"United Nations publication sales no. E.94.IX.9." 0aNuclear nonproliferationxCongresses.975140 0aNuclear disarmamentxCongresses.975141 0aSecurity, InternationalxCongresses.9751422 aNGO Committee on Disarmament.975143 2ddccBK c24373d24373 00102ddc40728NFICaRUCLbRUCLcReadingd1995-07-20eRegister office, RUl0o327.174 DIS 1994r2014-03-13 00:00:00tC-1w2021-12-09yBK